Weiss-Wendt, Anton, 1973-. Murder without hatred. - Syracuse, N.Y [u.a.] : Syracuse Univ. Press. - 2009 [Rezension]
| Titel: | Weiss-Wendt, Anton, 1973-. Murder without hatred. - Syracuse, N.Y [u.a.] : Syracuse Univ. Press. - 2009 [Rezension] |
|---|---|
| Verfasser: | |
| In: |
Journal of Baltic studies, Band 41, Heft 2 (2010), Seite 261-264 alle Artikel anzeigen |
| Veröffentlicht: | 2010 |
| Format: | Aufsatz |
| Sprache: | Englisch |
X
alg: 39500946
001A $01999:12-11-16
001B $01999:04-08-21 $t21:01:59.000
001D $01999:12-11-16
001U $0utf8
001X $00
002@ $0Aox
003@ $0395009464
007A $0395009464 $aHEB
007T $0Herdc0063774m
010@ $aeng
011@ $a2010
021A $aWeiss-Wendt, Anton, 1973-. Murder without hatred. - Syracuse, N.Y {[u.a.] : Syracuse Univ. Press. - 2009 [Rezension]
028A $aBirn $dRuth Bettina
031A $d41 $e2 $h261-264 $j2010
039B $aIn $8--Abvc--. Journal of Baltic studies. - Abingdon : Routledge, 1972-. - ISSN 0162-9778 $x201000000410002739 $9047244860
039T $8--Aau--Weiss-Wendt, Anton$Z1973- [Tp3]. Murder without hatred. - 1. ed.. - Syracuse, N.Y {[u.a.] : Syracuse Univ. Press, 2009. - XXIII, 476 S.. - Ill., graph. Darst.. - ISBN 978-0-8156-3228-3 $9214517918
045F $a900.94798 $eDDC23BSB
045F/01 $a900
045F/03 $g4798
045F/03 $g4793
045T $a7,41 $a7,44
lok: 39500946 78
exp: 39500946 78 1 #EPN
201B/01 $018-11-16 $t13:25:26.000
201U/01 $0utf8
203@/01 $0791308081
208@/01 $a12-11-16 $be
209A/01 $a/ $f000 $x00
220C/01 $aTitelaufnehmer: kk
220C/01 $aHerkunft: HI Marburg
244Z/01 $2Trx $#Estija $#Igaunija $#Estland $#Estonia $#Estonia $#Estónsko $#Estonsko $8--Trx--Eesti $x01 $9391237225
244Z/01 $2Trx $#Litauen $#Lithuania $#Litwa $#Litva $#Litva $8--Trx--Lietuva $x02 $9391193457
244Z/01 $2Trx $#arvustused $#recenzijos $#Reviews $#recenziók $#recenzje $#recenzie $#recenze $8--Trx--Rezensionen $x03 $9391357441
247C/01 $82080>Marburg/Lahn, Herder-Institut, Forschungsbibliothek, Bibliographieportal $9336309341
| LEADER | 00000caa a22000002c 4500 | ||
|---|---|---|---|
| 001 | 395009464 | ||
| 003 | DE-603 | ||
| 005 | 20210804210159.0 | ||
| 007 | tu | ||
| 008 | 161112s2010 xx |||| | u00||u|eng c | ||
| 035 | |a (DE-599)HEB395009464 | ||
| 040 | |a DE-603 |b ger |c DE-603 |d DE-603 | ||
| 041 | |a eng | ||
| 082 | 0 | 4 | |8 1\u |a 900.94798 |q DE-101 |2 23/BSB |
| 084 | |a 7,41 |a 7,44 |2 ssgn | ||
| 085 | |8 1\u |b 900 | ||
| 085 | |8 1\u |z 2 |s 4798 | ||
| 085 | |8 1\u |z 2 |s 4793 | ||
| 100 | 1 | |a Birn, Ruth Bettina | |
| 245 | 0 | 0 | |a Weiss-Wendt, Anton, 1973-. Murder without hatred. - Syracuse, N.Y [u.a.] : Syracuse Univ. Press. - 2009 [Rezension] |
| 264 | 0 | |c 2010 | |
| 773 | 0 | 8 | |i In |t Journal of Baltic studies |d Abingdon : Routledge, 1972- |x 0162-9778 |g Band 41, Heft 2 (2010), Seite 261-264 |w (DE-603)047244860 |w (DE-600)197751-9 |
| 787 | 0 | 8 | |i Rezension von |a Weiss-Wendt, Anton, 1973- |t Murder without hatred |b 1. ed. |d Syracuse, N.Y [u.a.] : Syracuse Univ. Press, 2009 |h XXIII, 476 S., Ill., graph. Darst. |z 0815632282 |z 9780815632283 |w (DE-603)214517918 |
| 924 | 0 | |9 2080 |a (DE-603)791308081 |b DE-2080 |c HES |d d |g / | |


